The myth of Africa / (Record no. 13614)

MARC details
000 -LEADER
fixed length control field 01100cam a2200301 i 4500
001 - CONTROL NUMBER
control field 3181595
005 - DATE AND TIME OF LATEST TRANSACTION
control field 19941115173113.9
008 - FIXED-LENGTH DATA ELEMENTS--GENERAL INFORMATION
fixed length control field 770531s1977 nyu b 001 0 eng
010 ## - LIBRARY OF CONGRESS CONTROL NUMBER
LC control number 76062996
020 ## - INTERNATIONAL STANDARD BOOK NUMBER
International Standard Book Number 0915042037
040 ## - CATALOGING SOURCE
Original cataloging agency DLC
Transcribing agency DLC
Modifying agency DLC
043 ## - GEOGRAPHIC AREA CODE
Geographic area code e-uk---
-- f------
050 00 - LIBRARY OF CONGRESS CALL NUMBER
Classification number DT32.5
Item number .H36 1977
100 1# - MAIN ENTRY--PERSONAL NAME
Personal name Hammond, Dorothy,
Dates associated with a name 1917-
651 #0 - SUBJECT ADDED ENTRY--GEOGRAPHIC NAME
Geographic name Africa
651 #0 - SUBJECT ADDED ENTRY--GEOGRAPHIC NAME
Geographic name Africa
651 #0 - SUBJECT ADDED ENTRY--GEOGRAPHIC NAME
Geographic name Africa
240 10 - UNIFORM TITLE
Uniform title <a href="Africa that never was">Africa that never was</a>
245 14 - TITLE STATEMENT
Title The myth of Africa /
Statement of responsibility, etc Dorothy Hammond & Alta Jablow.
260 ## - PUBLICATION, DISTRIBUTION, ETC. (IMPRINT)
Place of publication, distribution, etc New York :
Name of publisher, distributor, etc Library of Social Science,
Date of publication, distribution, etc c1977.
300 ## - PHYSICAL DESCRIPTION
Extent 251 p. ;
Dimensions 22 cm.
500 ## - GENERAL NOTE
General note Originally published in 1970 under title: The Africa that never was.
500 ## - GENERAL NOTE
General note Includes index.
504 ## - BIBLIOGRAPHY, ETC. NOTE
Bibliography, etc Bibliography: p. 219-242.
650 ## - SUBJECT ADDED ENTRY--TOPICAL TERM
Source of heading or term African - Foreign Public Opinion, British
651 #0 - SUBJECT ADDED ENTRY--GEOGRAPHIC NAME
General subdivision Foreign public opinion, British.
651 #0 - SUBJECT ADDED ENTRY--GEOGRAPHIC NAME
General subdivision Description and travel.
651 #0 - SUBJECT ADDED ENTRY--GEOGRAPHIC NAME
General subdivision In literature.
942 ## - ADDED ENTRY ELEMENTS (KOHA)
Source of classification or shelving scheme Library of Congress Classification
Item type Book
Holdings
Withdrawn status Lost status Source of classification or shelving scheme Damaged status Not for loan Collection code Home library Current library Shelving location Date acquired Total Checkouts Full call number Barcode Date last borrowed Price effective from Koha item type
    Library of Congress Classification     Non-fiction Bishop Okullu Memorial Library (Limuru Campus) Bishop Okullu Memorial Library (Limuru Campus) General Circulation 15/12/2008 1 DT32.5.H36 1977 019447 02/02/2009 15/12/2008 Book